000 00532nam a22001817a 4500
005 20251126102042.0
008 251126b |||||||| |||| 00| 0 eng d
020 _a
050 _aREF: KD122.l39 2015 v.1
100 _aPROF: JAMES EMERITUS READ S
245 _aLAW REPORTS OF THE COMMON WEALTH 2015
250 _aVOL 1
260 _aUNITED KINGDOM
_bLEXIS NEXIS
_c2015
300 _aX,825
650 _aLegal reports, digests etc common wealth
700 _aPHD:SLINN PETER E
942 _2lcc
_cREF
999 _c216289
_d216289